| 000 | 00461nam a22001817a 4500 | ||
|---|---|---|---|
| 003 | MPLRDC | ||
| 005 | 20220104172653.0 | ||
| 008 | 210129b ||||| |||| 00| 0 eng d | ||
| 020 | _a981-00-1919-X | ||
| 082 | _a805.179 IJAS | ||
| 100 | _aIJAS B. COM | ||
| 245 |
_aMODEL BUSINESS LETTERS _c |
||
| 250 | _a初版 | ||
| 260 |
_a _bCOMPOSITE STUDY AID PUBLICATION _c1991 |
||
| 300 | _b平 | ||
| 650 | _a英语作文--函牍格式 | ||
| 942 |
_cBK _o805.179 IJAS |
||
| 999 |
_c59064 _d59054 |
||